| 000 | 00457nam a2200181 a 4500 | ||
|---|---|---|---|
| 001 | 375 | ||
| 003 | CO-ViMGA | ||
| 008 | 141112s2004 ck r 000 u spa d | ||
| 040 |
_aCO-ViMGA _bspa _cCO-ViMGA |
||
| 082 | 0 | 4 | _a863.6 M17i1 |
| 100 | 1 | _aMateos, Pilar | |
| 245 | 1 | 0 | _aLa isla menguante |
| 260 |
_aMadrid : _bS.M, _c1987 |
||
| 300 | _a145 p : il | ||
| 490 | _aEl barco de vapor, 120 | ||
| 650 | 1 | 4 |
_aCUENTOS INFANTILES ESPAÑOLES _9725 |
| 942 |
_2ddc _cBK |
||
| 999 |
_c12618 _d12618 |
||